书目信息 |
| 题名: |
别了,亲爱的:英文
|
|
| 作者: | 钱德勒 著 | |
| 分册: | ||
| 出版信息: | 北京 外文出版社 1996 |
|
| 页数: | 42页 | |
| 开本: | 32开 | |
| 丛书名: | ||
| 单 册: | ||
| 中图分类: | H319.4:I | |
| 科图分类: | ||
| 主题词: | 英语 | |
| 电子资源: | ||
| ISBN: | 7-119-01822-1 | |
| 000 | 00542nam0 2200193 45 | |
| 001 | 0008101667 | |
| 005 | 20000810162717.1 | |
| 010 | @a7-119-01822-1@d3.40元 | |
| 100 | @a20000810d1996 km y0chiy0120 ea | |
| 101 | 0 | @achi |
| 105 | @a z 000yy | |
| 200 | 1 | @a别了,亲爱的:英文@ABie Le,Qin Ai De:Ying Wen@f(英)钱德勒著@F(Ying)Qian De Le Zhu |
| 210 | @a北京@c外文出版社@d1996 | |
| 215 | @a42页@d32开 | |
| 606 | 0 | @a英语 |
| 690 | @aH319.4:I@v3 | |
| 701 | 0 | @a钱德勒@4著 |
| 801 | @aCN@bPftUser@c20000810 | |
| 905 | @b102602-611@dH319.4:I@eQ420@f10 | |
| 别了,亲爱的:英文/(英)钱德勒著.-北京:外文出版社,1996 |
| 42页;32开 |
| ISBN 7-119-01822-1:3.40元 |
| ● |
| 相关链接 |
|
|
|
正题名:别了,亲爱的:英文
索取号:H319.4:I/Q420
 
预约/预借
| 序号 | 登录号 | 条形码 | 馆藏地/架位号 | 状态 | 备注 |
| 1 | 102602 | 201026022 | 自科二线404/209语言库 24排1列2层/ [索取号:H319.4:I/Q420] | 在馆 | |
| 2 | 102603 | 201026031 | 语言库209/209语言库 24排1列2层/ [索取号:H319.4:I/Q420] | 在馆 | |
| 3 | 102604 | 201026040 | 语言库209/209语言库 24排1列2层/ [索取号:H319.4:I/Q420] | 在馆 | |
| 4 | 102605 | 201026059 | 自科二线404/209语言库 24排1列2层/ [索取号:H319.4:I/Q420] | 在馆 | |
| 5 | 102606 | 201026068 | 自科二线404/209语言库 24排1列2层/ [索取号:H319.4:I/Q420] | 在馆 | |
| 6 | 102607 | 201026077 | 语言库209/209语言库 24排1列2层/ [索取号:H319.4:I/Q420] | 在馆 | |
| 7 | 102608 | 201026086 | 语言库209/209语言库 24排1列2层/ [索取号:H319.4:I/Q420] | 在馆 | |
| 8 | 102609 | 201026095 | 自科二线404/209语言库 24排1列2层/ [索取号:H319.4:I/Q420] | 在馆 | |
| 9 | 102610 | 201026102 | 自科二线404/209语言库 24排1列2层/ [索取号:H319.4:I/Q420] | 在馆 | |
| 10 | 102611 | 201026111 | 自科二线404/209语言库 24排1列2层/ [索取号:H319.4:I/Q420] | 在馆 |